• 首页
  • 本馆介绍
  • 公告通知
  • 最新文献
  • 馆藏检索
  • 电子资源
  • 读者导购
  • 参考咨询
  • 我的图书馆
  • 登录
  • 详细信息显示
  • 放入我的书架
  • 预约/预借图书
  • 作者相关作品
  • 分类相关作品
  • 丛书相关作品
  • 出版社相关作品

书目信息

  • 表格格式
  • 工作单格式
  • 卡片格式
书名: A course in phonetics
作者: Peter Ladefoged.
分册号:
分册名:
出版地: Fort Worth :
 
出版社: Harcourt Brace Jovanovich College Publishers
出版时间: c1993.
页数: xi, 308 p. :
开本: 23 cm.
丛书名:
中图分类号:
科图分类号:
其他分类号: H311
主题词:
电子资源:
000 01005nam a2200301 a 450
001 E0733298835
005 20070323153146.71
008 931117s1993 txua b 001 0 eng
010    @a91078390
020    @a0155001736.
035    @A(DLC) 91078390
040    @aDLC@cDLC
050 00 @aP221@b.L2 1993
082 00 @a414@2 20
090    @aH311
099    @dH311@ex8=3
100 1  @aLadefoged, Peter.
245 12 @aA course in phonetics / @cPeter Ladefoged.
250    @a3rd ed.
260    @aFort Worth :@bHarcourt Brace Jovanovich College Publishers,@cc1993.
300    @axi, 308 p. :@bill. ;@c23 cm.
504    @aIncludes bibliographical references (p. [287]-289) and index.
650  0 @aPhonetics.
650  0 @aEnglish language@xPhonetics.
906    @a7@bcbc@corignew@d2@eopcn@f19@gy-gencatlg
922    @aco
955    @apb09 11-17-93 to HLCD; lg23 to le03 11-23-93; le03 02-04-94; le28 to ddc 02-08-94; aa00 02-16-94
991    @bc-GenColl@hP221@i.L2 1993@p00030197252@tCopy 1@wBOOKS
    
    A course in phonetics / / Peter Ladefoged.-3rd ed.-Fort Worth : : Harcourt Brace Jovanovich College Publishers, , c1993.
    xi, 308 p. : : ill. ; ; 23 cm.
    Includes bibliographical references (p. [287]-289) and index.
    
    ISBN 0155001736.
    
●
相关链接 在E读中查询图书 在五车中查询图书 在当当中查询图书 在豆瓣中查询图书


正题名:course in phonetics     索取号:H311/x8=3         预约/预借

序号 登录号 条形码 馆藏地/架位号 状态 备注
1 0003517   300035174   第二样本阅览室/ [索取号:H311/x8=3] 在馆    
2 0003518   300035183   第四借阅区/ [索取号:H311/x8=3] 在馆    
3 0003519   300035192   密集书库/ [索取号:H311/x8=3] 在馆    
4 0003520   300035209   密集书库/ [索取号:H311/x8=3] 在馆    
5 0003521   300035218   密集书库/ [索取号:H311/x8=3] 在馆    
6 0003569   300035691   第四借阅区/ [索取号:H311/x8=3] 在馆    
7 0003570   300035708   第四借阅区/ [索取号:H311/x8=3] 在馆    
唐山师范学院图书馆 欢迎您!
大连网信软件有限公司© 版权所有